00227nam a2200097Ia 4500100003100000654001300031245003100044260003200075082001000107546001200117 aHiggins/ L.R./ Morrow/L.C  ahandbook aMaintenance Engg. handbook bMcGraw HillaNew Yorkc1977 a658.2 aENGLISH